Catalog

Record Details

Catalog Search



Whispering in French  Cover Image Book Book

Whispering in French / Sophia Nash.

Nash, Sophia, (author.).

Summary:

"As a child, Kate Hamilton was packed off each summer to her grandfather's ivy-covered villa in southern France. That ancestral home, named Marthe Marie, is now crumbling, and it falls to Kate--regarded as the most responsible and practical member of her family--to return to the rugged, beautiful seaside region to confront her grandfather's debts and convince him to sell. Kate makes her living as a psychologist and life coach, but her own life is in as much disarray as Marthe Marie. Her marriage has ended, and she's convinced that she has failed her teenaged daughter, Lily, in unforgiveable ways. While delving into colorful family history and the consequences of her own choices, Kate reluctantly agrees to provide coaching to Major Edward Soames, a British military officer suffering with post-traumatic stress. Breaking through his shell, and dealing with idiosyncratic locals intent on viewing her as an Americanized outsider, will give Kate new insight into who--and where--she wants to be. The answers will prove as surprising as the secrets that reside in the centuries-old villa."-- Provided by publisher.

Record details

  • ISBN: 9780062471789
  • ISBN: 0062471783
  • Physical Description: 364, 6 pages ; 21 cm
  • Edition: First edition.
  • Publisher: New York, NY : William Morrow, an imprint of HarperCollinsPublishers, [2017]

Content descriptions

General Note:
"Includes P.S. insights, interviews & more ..."--Cover.
Subject: Self-consciousness (Awareness) > Fiction.
Divorced people > Fiction.
Grandparents > Fiction.
Psychologists > Fiction.
Dwellings > France > Fiction.
Genre: Novels.

LDR 02421nam a2200397 i 4500
001149407
003CONS
00520181214080526.0
008180215s2017 nyu 000 1 eng d
010 . ‡a 2017486403
020 . ‡a9780062471789 ‡q(paperback)
020 . ‡a0062471783 ‡q(paperback)
035 . ‡a(CPomAG)LMN609701
042 . ‡alccopycat
043 . ‡ae-fr---
05000. ‡aPS3614.A7525 ‡bW48 2017
08204. ‡a813/.6 ‡223
1001 . ‡aNash, Sophia, ‡eauthor.
24510. ‡aWhispering in French / ‡cSophia Nash.
250 . ‡aFirst edition.
264 1. ‡aNew York, NY : ‡bWilliam Morrow, an imprint of HarperCollinsPublishers, ‡c[2017]
300 . ‡a364, 6 pages ; ‡c21 cm
336 . ‡atext ‡btxt ‡2rdacontent
337 . ‡aunmediated ‡bn ‡2rdamedia
338 . ‡avolume ‡bnc ‡2rdacarrier
500 . ‡a"Includes P.S. insights, interviews & more ..."--Cover.
520 . ‡a"As a child, Kate Hamilton was packed off each summer to her grandfather's ivy-covered villa in southern France. That ancestral home, named Marthe Marie, is now crumbling, and it falls to Kate--regarded as the most responsible and practical member of her family--to return to the rugged, beautiful seaside region to confront her grandfather's debts and convince him to sell. Kate makes her living as a psychologist and life coach, but her own life is in as much disarray as Marthe Marie. Her marriage has ended, and she's convinced that she has failed her teenaged daughter, Lily, in unforgiveable ways. While delving into colorful family history and the consequences of her own choices, Kate reluctantly agrees to provide coaching to Major Edward Soames, a British military officer suffering with post-traumatic stress. Breaking through his shell, and dealing with idiosyncratic locals intent on viewing her as an Americanized outsider, will give Kate new insight into who--and where--she wants to be. The answers will prove as surprising as the secrets that reside in the centuries-old villa."-- ‡cProvided by publisher.
650 0. ‡aSelf-consciousness (Awareness) ‡vFiction.
650 0. ‡aDivorced people ‡vFiction.
650 0. ‡aGrandparents ‡vFiction.
650 0. ‡aPsychologists ‡vFiction.
650 0. ‡aDwellings ‡zFrance ‡vFiction.
914 . ‡aSCP_LP
655 7. ‡aNovels. ‡2lcgft
959 . ‡i32269001094005 ‡lF Nas ‡aAdult - Fiction ‡tFiction ‡g15.00
852 . ‡p32269001094005 ‡jF Nas ‡gAdult - Fiction ‡cFiction ‡y15.00 ‡bSBPL
901 . ‡a149407 ‡bUnknown ‡c149407 ‡tbiblio

Additional Resources